MARC

LEADER 00000nam0a2200000 4500
001 353109
005 20231102010548.0
035 |a (RuTPU)RU\TPU\retro\10162 
090 |a 353109 
100 |a 20200310d1964 km y0rusy5003 ca 
101 0 |a rus 
102 |a RU 
105 |a a z 001zy 
200 1 |a Измерение расходов и количеств жидкости, газа и пара  |f П. П. Кремлевский  |g Научно-техническое общество приборостроительной промышленности, Общественный институт, Заочные курсы усовершенствования ИТР по метрологии и технике точных измерений 
210 |a Москва  |c Главполиграфпром  |d 1964 
215 |a 60с.  |c ил. 
320 |a Библиогр.: с. 58-59 
606 1 |a Измерение скорости потока жидкости  |2 stltpush  |3 (RuTPU)RU\TPU\subj\12257  |9 39072 
610 1 |a приборы 
610 1 |a жидкости 
610 1 |a газы 
610 1 |a пары 
610 1 |a измерители 
610 1 |a поверка 
610 1 |a методы 
610 1 |a вопросы 
610 1 |a примеры 
675 |a 532.57  |z rus  |v 3 
700 1 |a Кремлевский  |b П. П.  |4 070 
712 0 2 |a Научно-техническое общество приборостроительной промышленности  |b Общественный институт  |b Заочные курсы усовершенствования ИТР по метрологии и технике точных измерений  |2 stltpush  |3 (RuTPU)RU\TPU\col\7462 
801 0 |a RU  |b RuMRKP  |c 19950704  |g psbo 
801 1 |a RU  |b 63413507  |c 20200310 
801 2 |a RU  |b 63413507  |c 20200310  |g RCR 
942 |c BK